[Event "USA-chA U20"]
[Site "Saint Louis"]
[Date "2012.07.13"]
[Round "6"]
[White "Michaelides, Matthew E"]
[Black "Fisher, William"]
[Result "1-0"]
[WhiteElo "2107"]
[BlackElo "2226"]
[PlyCount "128"]
[EventDate "2012.07.11"]
[EventType "tourn"]
[EventRounds "7"]
[EventCountry "USA"]
[EventCategory "3"]
[SourceTitle "CBM 149 Extra"]
[Source "ChessBase"]
[SourceDate "2012.08.24"]
[SourceVersion "1"]
[SourceVersionDate "2012.08.24"]
[SourceQuality "1"]

1. d4 d5 2. c4 c6 3. Nf3 Nf6 4. Nc3 dxc4 5. a4 Bf5 6. e3 e6 7. Bxc4 Bb4 8. 0-0 0-0 9. Qe2 Bg4 10. h3 Bh5 11. Rd1 Nbd7 12. e4 h6 13. e5 Nd5 14. Nxd5 cxd5 15. Bd3 Bxf3 16. Qxf3 Be7 17. Qh5 f5 18. Bxh6 Qe8 19. Qxe8 Raxe8 20. Bd2 Nb8 21. a5 Rc8 22. Bc3 a6 23. f4 Nc6 24. Ra4 Rc7 25. Kf2 g6 26. Rg1 Kf7 27. g3 Rh8 28. Rh1 Rcc8 29. Ke3 Rh6 30. Rh2 Rch8 31. Bf1 Rc8 32. Kd3 Na7 33. Rc2 Rhh8 34. Ra1 Rc7 35. Bd2 Rhc8 36. Rxc7 Rxc7 37. Ra4 Nb5 38. Be2 Rc8 39. h4 Kg7 40. Bc3 Kh6 41. Kd2 Rc7 42. Ra1 Na7 43. g4 Nc6 44. h5 Bb4 45. Kd3 Bxc3 46. bxc3 Ne7 47. Rb1 gxh5 48. gxf5 Nxf5 49. Rb6 Rc6 50. Rxb7 Kg6 51. Kd2 Ng3 52. Bd3+ Ne4+ 53. Bxe4+ dxe4 54. Rb6 e3+ 55. Kxe3 Rxc3+ 56. Ke4 Kf7 57. f5 exf5+ 58. Kxf5 Rd3 59. e6+ Ke7 60. Rb7+ Ke8 61. Kf6 Rf3+ 62. Ke5 Rd3 63. d5 Re3+ 64. Kd6 Kf8 1-0